Phê bình, bình luận văn học; T10 Hồ Xuân Hương
Sparad:
| Materialtyp: | Bok |
|---|---|
| Språk: | Undetermined |
| Publicerad: |
Khánh Hòa
Nxb. Tổng hợp Khánh Hòa
1992
|
| Ämnen: | |
| Taggar: |
Lägg till en tagg
Inga taggar, Lägg till första taggen!
|
| Thư viện lưu trữ: | Trung tâm Học liệu Trường Đại học Cần Thơ |
|---|
| LEADER | 00498nam a2200157Ia 4500 | ||
|---|---|---|---|
| 001 | CTU_8843 | ||
| 008 | 210402s9999 xx 000 0 und d | ||
| 082 | |a 809 | ||
| 082 | |b Ph250b/T10 | ||
| 245 | 0 | |a Phê bình, bình luận văn học; T10 | |
| 245 | 0 | |b Hồ Xuân Hương | |
| 260 | |a Khánh Hòa | ||
| 260 | |b Nxb. Tổng hợp Khánh Hòa | ||
| 260 | |c 1992 | ||
| 650 | |a vietnamese literature - history and criticism | ||
| 980 | |a Trung tâm Học liệu Trường Đại học Cần Thơ | ||